000 00329nam a2200133Ia 4500
005 20251222144712.0
008 251222s9999||||xx |||||||||||||| ||spa||
020 _a84-344-2867-9
082 _a808.027/M84
100 _aMontolyo, Estrella
245 0 _aManual Práctico de Escritura Académica
264 _bAriel
942 _cLIB
999 _c17849
_d17849